| 000 | 003270000a22001330004500 | ||
|---|---|---|---|
| 003 | MACL | ||
| 040 | _aMACL | ||
| 090 |
_c38549 _d38547 |
||
| 100 | _aEngels, Frederick | ||
| 245 | _aThe Condition of the Working Class in England in 1844 | ||
| 260 |
_bSwan Sonnenschein & Co _c1892 |
||
| 650 | _aEconomics | ||
| 942 |
_cBOOK _k331/ENG |
||
| 999 |
_c38137 _d38137 |
||